| 000 | 00621nam a2200289Ia 4500 | ||
|---|---|---|---|
| 005 | 20260401122412.0 | ||
| 008 | 008 250103s9999 xx 000 0 eng d | ||
| 020 | _a9780099225416 | ||
| 037 | _aTB | ||
| 040 | _aEDL | ||
| 040 | _beng | ||
| 040 | _cEDL | ||
| 041 | _2eng | ||
| 041 | _aeng | ||
| 084 | _a770.9 BAR | ||
| 084 | _qEDL | ||
| 100 |
_aBarthes, Vintage _91233502 |
||
| 245 | 0 | _aCamera Lucida | |
| 245 | 0 | _cBarthes, Vintage | |
| 260 | _bVintage Books | ||
| 260 | _c2000 | ||
| 300 | _a119p | ||
| 942 | _cTB | ||
| 942 | _h770.9 BAR | ||
| 999 |
_c1847042 _d1847042 |
||